000 01632cam a2200313 i 4500
003 OCoLC
005 20210304135428.0
007 ta
008 181211s2018 sp ab gr 000 0 spa d
020 _a9789587591507
040 _aCO-BoPUJ
_cCO-JMCR
041 0 _aspa
082 0 4 _a333.3186126 /
_bV152c
_223
100 1 _aValencia Llano, Albeiro
_eautor
_914362
245 1 0 _aColonización antioqueña y vida cotidiana :
_bconstrucción de la región caldense /
_cAlbeiro Valencia Llano
260 _aManizales :
_bUniversidad de Caldas,
_c2018.
300 _a450 páginas :
_bilustraciones y mapas a blanco y negro ;
_c21 cm.
490 1 _aEnsayos
504 _aBibliografía: páginas 439-450.
505 0 _aLa colonización como un proceso -- La vida familiar -- Los andariegos -- Colonización y conflictos -- La gesta de la arriería -- La guaquería -- Empresarios y formación de fortunas -- La cultura del café -- La religión caldense
520 0 _aEste libro tuvo su primera aparición en 1996 con el título "Vida cotidiana y desarrollo regional en la colonización antioqueña" . En esta nueva edición, ampliada y corregida, Albeiro Valencia Llano reconstruye un pasado que aún sobrevive en poblaciones trepadas en las montañas.
650 2 4 _aDesarrollo social
_zAntioquia (Colombia)
_914363
650 2 4 _aVida cotidiana
_zAntioquia (Colombia)
_914364
651 4 _aAntioquia (Colombia)
_xCondiciones económicas
_914365
651 4 _aAntioquia (Colombia)
_xVida social y costumbres
_914366
651 4 _aAntioquia (Colombia)
_xColonización
_xHistoria
_914367
830 0 _aEnsayos
_914368
942 _2ddc
_cBK
999 _c7443
_d7443